000 00808nam a2200253 i 4500
003 DO-SdBNP
005 20251002091416.0
007 ta
008 240403e1976 dr ||| |||| 00| 0 spa d
040 _aDO-SdBNP
_bspa
_cBNPHU
_erda
041 _aspa
082 4 _axxx
_bxxx
_222
100 _aVallejo, César,
_d1892-1938
_eautor
_4aut.
_915588
245 1 0 _aObras poética completa /
_cCésar Vallejo ; prólogo, Roberto Fernández Retamar
264 1 _aSanto Domingo :
_bEditora Alfa y Omega,
_c1976.
300 _a301 páginas ;
_c18 cm.
336 _atexto
_btxt
_2rdacontent
337 _asin mediación
_bn
_2rdamedia
338 _avolumen
_bnc
_2rdacarrier
590 _aInventariado 2025/BT
700 1 _aFernández Retamar, Roberto,
_eprologuista
_4pr.
_985114
910 _aBtavárez
942 _2ddc
_cLBS1
999 _c56232
_d56232